00470nam a2200145 a 450000500170000000800410001702000180005804100080007604400070008410000290009124500700012026001030019030000110029370000200030420140217121407.0140217b2008 ck ||||| |||| 00| 0 spa d a9789584438737 aspa ack aR. de Duque, Rosa Isabel aGuía para la elaboración de un plan de negocios en ecoturismo aBogotábIAVHbUniversidad Externado de ColombiabComité Interinstitucional de Ecoturismoc2008 a101 p. aOchoa, Fredy A.